000 00351nam a22001457a 4500
003 OSt
005 20160727222353.0
008 160622b xxu||||| |||| 00| 0 eng d
040 _cTEST
100 _9454
_aNarramore, C. M
245 _aUnderstanding Your Children
260 _aZondervan
_c1958
300 _aUnderstanding Your Children
942 _2ddc
_cBK
999 _c373
_d373